| 000 | 00435nam a2200181Ia 4500 | ||
|---|---|---|---|
| 001 | 21066 | ||
| 005 | 20260306172852.0 | ||
| 008 | 260306t2000||||xx |||||||||||||| ||spa|| | ||
| 041 | _aESP | ||
| 082 |
_a344 _bJ414 N° 23 |
||
| 100 |
_aJakobs, Günther, _eAUT |
||
| 245 | 0 | _aAcción y omisión en derecho penal | |
| 260 | _c2000 | ||
| 300 |
_a35 páginas : _c21 cm. |
||
| 650 | _aGEN | ||
| 654 | _aCDE | ||
| 942 |
_cLIB _dJUS _fJUS _2ddc _n |
||
| 999 |
_c21066 _d21066 |
||